The Deep Proterozoic crust in the North Atlantic provinces / (Record no. 13681)

000 -LEADER
fixed length control field 00814cam a2200193 a 4500
020 ## - INTERNATIONAL STANDARD BOOK NUMBER
ISBN 9027721017
040 ## - CATALOGING SOURCE
Transcribing agency DLC
082 00 - DEWEY DECIMAL CLASSIFICATION NUMBER
Classification number 551 SOL 1985 A025 Or.
245 14 - TITLE STATEMENT
Title The Deep Proterozoic crust in the North Atlantic provinces /
260 ## - PUBLICATION, DISTRIBUTION, ETC. (IMPRINT)
Place of publication Dordrecht ;
-- Boston :
Name of publisher D. Reidel Pub. Co. ;
Place of publication Hingham, MA :
Name of publisher Sold and distributed in the U.S.A. by Kluwer Academic,
Year of publication c1985.
300 ## - PHYSICAL DESCRIPTION
Number of Pages xiii, 603 p. :
Other physical details ill., maps ;
Dimensions 25 cm.
490 1# - SERIES STATEMENT
Series statement NATO ASI series. Series C, Mathematical and physical sciences ;
500 ## - GENERAL NOTE
General note "Proceedings of the NATO Advanced Study Institute on the Deep Proterozoic Crust in the North Atlantic Provinces, Moi, Norway, 16-30 July, 1984"--T.p. verso.
650 #0 - SUBJECT ADDED ENTRY--TOPICAL TERM
Topical Term Geology, Stratigraphic
650 #0 - SUBJECT ADDED ENTRY--TOPICAL TERM
Topical Term Geology
700 1# - ADDED ENTRY--PERSONAL NAME
Personal name Tobi, Alex C.,
700 1# - ADDED ENTRY--PERSONAL NAME
Personal name Touret, Jacques L. R.,
942 ## - ADDED ENTRY ELEMENTS (KOHA)
Koha item type សៀវភៅភាសាអង់គ្លេស
952 ## - LOCATION AND ITEM INFORMATION (KOHA)
Withdrawn status [LOCAL, KOHA] 0
Holdings
Permanent Location Date acquired Koha item type Lost status Shelving location Barcode Current Location Full call number
Library Block A2017-08-29សៀវភៅភាសាអង់គ្លេស A025A20782Library Block A551 SOL 1985 A025 Or.
មជ្ឈមណ្ឌលឯការនៃសាកលវិទ្យាល័យភូមិន្ទកសិកម្មចំការដូង

Powered by Koha